| 000 | 00474nam a2200145 4500 | ||
|---|---|---|---|
| 008 | 151009b xxu||||| |||| 00| 0 eng d | ||
| 020 | _a030511356 | ||
| 050 | _aSPE HQ 796 .T86 1965 | ||
| 100 |
_aGonzales, Juan. _d1965. |
||
| 245 |
_aTwo blocks apart/ _cJuan Gonzales; Peter Quinn. |
||
| 260 |
_aNew York: _bHolt, Renihart and Winston, _c1965. |
||
| 300 | _a126 p. : ill. | ||
| 650 | _aEnglish fiction. | ||
| 942 |
_2lcc _cSH_L_BOOKS _hSPE HQ 796 .T86 1965 |
||
| 999 |
_c8012 _d8012 |
||